00374nam a2200133 450000500170000010000260001724500510004326400420009430000170013633600220015333700240017533800240019999900170022320260530113847.01 aPablo Tedeschi93085610aGenesis de las Formas y el Diseño Industrial 1bEditorial Universitaria de BsAsc1962 a47 páginas atexto2rdacontent asin medio2rdamedia avolumen2rdacarrier c11336d11336